Guessing the Taylor Swift Song 5 - Statistics

General Stats
  • This quiz has been taken 28 times
  • The average score is 274 of 373
Answer Stats
Answer % Correct
I
100%
you
100%
You
100%
go
92%
in
92%
it
92%
love
92%
then
92%
to
92%
were
92%
your
92%
Your
92%
a
88%
an
88%
And
88%
and
88%
be
88%
I'm
88%
is
88%
know
88%
of
88%
on
88%
the
88%
The
88%
think
88%
up
88%
when
88%
who
88%
you're
88%
Don't
83%
don't
83%
Have
83%
it's
83%
like
83%
me
83%
see
83%
so
83%
So
83%
that
83%
this
83%
too
83%
was
83%
at
79%
But
79%
can
79%
I'll
79%
my
79%
now
79%
said
79%
they
79%
as
75%
by
75%
could
75%
get
75%
gone
75%
Never
75%
you'll
75%
all
71%
All
71%
are
71%
back
71%
girl
71%
loved
71%
why
71%
with
71%
young
71%
you've
71%
away
67%
Cause
67%
dress
67%
home
67%
Long
67%
long
67%
look
67%
nights
67%
should've
67%
take
67%
Dear
63%
how
63%
John,
63%
known
63%
let
63%
once
63%
out
63%
Run
63%
run
63%
song
63%
way
63%
around
58%
blue
58%
changed
58%
cried
58%
days
58%
expert
58%
eyes
58%
fast
58%
girls
58%
give
58%
messed
58%
mind
58%
Or
58%
sky
58%
them
58%
Well
58%
whole
58%
everyday
54%
game
54%
list
54%
Over
54%
rules
54%
sad
54%
sorry
54%
turn
54%
won't
54%
wrong
54%
19's
50%
accused
50%
blurry
50%
fine
50%
impressed
50%
keeping
50%
lines
50%
maybe
50%
name
50%
need
50%
paint
50%
revolved
50%
wrote
50%
again
46%
before
46%
chess
46%
dark
46%
lived
46%
losing
46%
mother
46%
phone
46%
sick
46%
took
46%
town
46%
understand
46%
acing
42%
add
42%
empty
42%
fire
42%
fireworks
42%
games
42%
might
42%
rain
42%
regret
42%
swore
42%
tests
42%
twisted
42%
which
42%
blind
38%
burned
38%
fall
38%
through
38%
traitors
38%
version
38%
blame
33%
catch
33%
Counting
33%
dry
33%
floor
33%
footsteps
33%
ignored
33%
matches
33%
picking
33%
played
33%
praying
33%
shining
33%
stopped
33%
Tonight
33%
Wondering
33%
tired,
29%
lifeless
25%
optimism
25%
No matching quizzes found
Score Distribution
Percent of People with Each Score
Percentile by Number Answered
Your Score History
You have not taken this quiz